Komplexní ochrana gerber proti chorobám a škodcum

Bibliographic Details
Main Author: Valášková, Eva (Author)
Format: Article
Language:Czech
Subjects:

MARC

LEADER 00000nab a2200000 a 4500
001 vtls000310429
003 SK-MaSNL
005 20260303172246.0
008 111201c1978 xo 0 cze
015 |a SNBRB19rr/mm-uuuuu 
035 |a CL0000521 
040 |a SNKBUCL  |b slo  |c SNKBUCL  |e AACR2 
041 0 |a cze 
044 |a xo  |c SK 
080 |a 635.9  |2 1981 
080 |a 632.9  |2 1981 
100 1 |a Valášková, Eva  |4 aut  |9 619315 
245 1 0 |a Komplexní ochrana gerber proti chorobám a škodcum  |c Eva Valášková 
650 0 7 |a gerbera  |2 snkbucl  |9 79683 
655 7 |a články z novín a časopisov  |2 snkbucl  |9 267496 
773 0 |t Záhradníctvo  |g Roč. 3, č. 1 (1978), s. 35 
850 |a Slovenská národná knižnica v Martine  |a MTA001 
852 |a SNK  |b KIS3GCP 
958 |a RK 
992 |a RBX 
999 |c 2085605  |d 2087535